Văn học Việt Nam thế kỷ XX Q.1, T.XLII Tiểu thuyết 1975 - 2000

שמור ב:
מידע ביבליוגרפי
מחברים אחרים: Nguyễn Cừ (sưu tầm biên soạn), Nguyễn Anh Vũ (sưu tầm biên soạn)
פורמט: ספר
שפה:Vietnamese
יצא לאור: H. Văn học 2009
נושאים:
תגים: הוספת תג
אין תגיות, היה/י הראשונ/ה לתייג את הרשומה!
Thư viện lưu trữ: Mạng thư viện Đại học Đà Nẵng
LEADER 01257nam a2200349 4500
001 000005846
003 1999
005 20120531140527.0
008 110823s2009 viesd
020 |c 0 
041 0 |a vie 
082 |a 895.9223  |b VAN 
245 1 0 |a Văn học Việt Nam thế kỷ XX  |c Nguyễn Cừ; Nguyễn Anh Vũ biên soạn  |n Q.1, T.XLII  |p Tiểu thuyết 1975 - 2000 
260 |a H.  |b Văn học  |c 2009 
300 |a 1181 tr.  |b chân dung  |c 24 cm 
653 |a Văn học Việt Nam 
653 |a Tiểu thuyết 1975 - 2000 
653 |a Nghiên cứu văn học 
700 |a Nguyễn Cừ  |e sưu tầm biên soạn 
700 |a Nguyễn Anh Vũ  |e sưu tầm biên soạn 
773 |t Văn học Việt Nam thế kỷ XX  |w 1848 
910 |a Thu Sương  |d 19/8/2011 
OWN |a LSP 
AVA |a UDN50  |b LSP  |d 895.9223 VAN  |e available  |t Error 5001 Not defined in file expand_doc_bib_avail.  |f 3  |g 0  |h N  |i 0  |k 1 
999 |a From the UDN01 
AVA |a UDN50  |b LSP  |d 895.9223 VAN  |e available  |t Error 5001 Not defined in file expand_doc_bib_avail.  |f 3  |g 0  |h N  |i 0  |k 1 
TYP |a Monograph 
TYP |a Printed language 
980 |a Mạng thư viện Đại học Đà Nẵng